Εξη και μια τύψεις για τον ουρανό

Αποθηκεύτηκε σε:
Λεπτομέρειες βιβλιογραφικής εγγραφής
Κύριος συγγραφέας: Ελύτης, Οδυσσέας, 1911-1996
Μορφή: Βιβλίο
Γλώσσα:Greek
Δημοσίευση: [Αθήνα] : Ικαρος, 1990
Έκδοση:7η εκδ.
Θέματα:
Ετικέτες: Προσθήκη ετικέτας
Δεν υπάρχουν, Καταχωρήστε ετικέτα πρώτοι!

MARC

LEADER 00000nam a2200000 i 4500
001 1/77004
008 960805s1990 gre d
035 |a 1993  |b 2  |c Αναγνωστοπούλου  |l 10032554 
040 |a GR-MY-UA  |b gre  |e aacr 
041 0 |a gre 
082 0 |a 889.132 
100 1 |a Ελύτης, Οδυσσέας,   |d 1911-1996. 
245 1 0 |a Εξη και μια τύψεις για τον ουρανό /  |c Οδυσσέα Ελύτη 
250 |a 7η εκδ. 
260 |a [Αθήνα] :   |b Ικαρος,   |c 1990 
300 |a 25 σ. 
650 0 0 |a Greek poetry, Modern  |y 20th century. 
852 |a INST  |b RHODES  |e 19960805  |h 889.132 ΕΛΥ  |p 005400009313  |q 005400009313  |t BK  |y 0 
909 |a Ρ  |b 027481  |c 1993